Galerías de la Academia Colombiana de Historia / (Registro nro. 6614)

Detalles MARC
000 -LEADER
fixed length control field 01922cam a2200361 a 4500
003 - CONTROL NUMBER IDENTIFIER
control field OSt
005 - DATE AND TIME OF LATEST TRANSACTION
control field 20200302095939.0
008 - FIXED-LENGTH DATA ELEMENTS--GENERAL INFORMATION
fixed length control field 151002s2002 ck ao fr 00110dspa d
020 ## - INTERNATIONAL STANDARD BOOK NUMBER
International Standard Book Number 9588040302
040 ## - CATALOGING SOURCE
Original cataloging agency CO-BoUCM
Language of cataloging spa
Transcribing agency CO-JMCR
Modifying agency Sandra Palacio
041 0# - LANGUAGE CODE
Language code of text/sound track or separate title spa
082 #4 - DEWEY DECIMAL CLASSIFICATION NUMBER
Classification number 986.006 /
Item number R436g
100 1# - MAIN ENTRY--PERSONAL NAME
Personal name Restrepo Uribe, Fernando,
Relator term autor
9 (RLIN) 1023
110 2# - MAIN ENTRY--CORPORATE NAME
Corporate name or jurisdiction name as entry element Academia Colombiana de Historia
9 (RLIN) 3835
245 10 - TITLE STATEMENT
Title Galerías de la Academia Colombiana de Historia /
Remainder of title
Statement of responsibility, etc. investigación Fernando Restrepo Uribe ; coordinacón general Ivonne Nicholls ; fotografías Ernesto Monsalve Pino, Fernando Vargas-Maza
246 ## - VARYING FORM OF TITLE
Title proper/short title Galería de la Academia Colombiana de Historia
Remainder of title 100 años
260 ## - PUBLICATION, DISTRIBUTION, ETC.
Place of publication, distribution, etc. Bogot (̀Colombia)
Name of publisher, distributor, etc. Seguros Bolv̕ar
Date of publication, distribution, etc. 2002
300 ## - PHYSICAL DESCRIPTION
Extent 143 páginas :
Other physical details liustraciones, fotografías ;
Dimensions 33 cm.
500 ## - GENERAL NOTE
General note Incluye datos biográficos de los autores en páginas 139-143.
505 ## - FORMATTED CONTENTS NOTE
Title El centenario de la Academia Colombiana de Historia
Statement of responsibility Santiago Díaz Piedrahita
505 ## - FORMATTED CONTENTS NOTE
Title La Galería de la Academia y su Formación
Statement of responsibility Fernando Restrepo Uribe
505 ## - FORMATTED CONTENTS NOTE
Title Los fundadores de la academia colombiana de historia -- Cronistas coloniales -- Precursores de la historia colombiana en el siglo XIX -- Figuras del descubrimiento, conquista y colonia -- Personajes y temas de la república
610 26 - SUBJECT ADDED ENTRY--CORPORATE NAME
Corporate name or jurisdiction name as entry element Academia Colombiana de Historia
General subdivision Centenarios, etc..
9 (RLIN) 71928
650 #7 - SUBJECT ADDED ENTRY--TOPICAL TERM
Topical term or geographic name entry element Historia
Form subdivision Pintura, escultura
9 (RLIN) 7695
General subdivision Colecciones
Geographic subdivision Colombia
650 #7 - SUBJECT ADDED ENTRY--TOPICAL TERM
Topical term or geographic name entry element Historiadores
General subdivision Academia Colombiana de Historia
9 (RLIN) 16956
Form subdivision Fundadores
Geographic subdivision Colombia
650 #7 - SUBJECT ADDED ENTRY--TOPICAL TERM
Topical term or geographic name entry element Intelectuales
9 (RLIN) 17841
Form subdivision Pintura, escultura
Geographic subdivision Colombia
651 #6 - SUBJECT ADDED ENTRY--GEOGRAPHIC NAME
Geographic name Colombia
General subdivision Academias, sociedades doctas
9 (RLIN) 71929
690 ## - LOCAL SUBJECT ADDED ENTRY--TOPICAL TERM (OCLC, RLIN)
9 (RLIN) 42845
Topical term or geographic name as entry element Historia de Colombia
700 1# - ADDED ENTRY--PERSONAL NAME
Personal name Monsalve Pino, Ernesto
9 (RLIN) 28865
Relator term fotógrafo
700 1# - ADDED ENTRY--PERSONAL NAME
Personal name Vargas-Maza, Fernando
9 (RLIN) 71930
Relator term fotógrafo
700 1# - ADDED ENTRY--PERSONAL NAME
Personal name Nicholls, Ivonne
9 (RLIN) 71931
Relator term coordinadora
942 ## - ADDED ENTRY ELEMENTS (KOHA)
Koha item type Books
Existencias
Withdrawn status Lost status Source of classification or shelving scheme Damaged status Not for loan Home library Current library Shelving location Date acquired Source of acquisition Cost, normal purchase price Total Checkouts Full call number Barcode Date last seen Date last checked out Copy number Price effective from Koha item type
    Dewey Decimal Classification     Biblioteca Pública José María del Castillo y Rada Biblioteca Pública José María del Castillo y Rada Processing Center 12/12/2018 Donación 0.00 3 986.006 / R436g 201808363 04/03/2025 04/02/2025 Ej.1 03/02/2020 Books